Tục ngữ, ca dao, dân ca Việt Nam

Sách giới thiệu đến đọc giả những câu tục ngữ. ca dao, dân ca trong cuộc sống đời thường của người Việt Nam.

Na minha lista:
Detalhes bibliográficos
Formato: Livro
Idioma:Undetermined
Publicado em: Hà Nội Văn hóa Thông tin 2008
Assuntos:
Tags: Adicionar Tag
Sem tags, seja o primeiro a adicionar uma tag!
Thư viện lưu trữ: Trung tâm Học liệu Trường Đại học Cần Thơ
LEADER 00773nam a2200193Ia 4500
001 CTU_133270
008 210402s9999 xx 000 0 und d
020 |c 68000 
082 |a 398.9495 
082 |b T506 
245 0 |a Tục ngữ, ca dao, dân ca Việt Nam 
245 0 |c Hà Phương sưu tầm và tuyển chọn 
260 |a Hà Nội 
260 |b Văn hóa Thông tin 
260 |c 2008 
520 |a Sách giới thiệu đến đọc giả những câu tục ngữ. ca dao, dân ca trong cuộc sống đời thường của người Việt Nam. 
650 |a Folk literature, Vietnamese,Văn học dân gian, Việt Nam 
904 |i Trọng Hải 
980 |a Trung tâm Học liệu Trường Đại học Cần Thơ